| 000 | 00561cam a2200181 4500 | ||
|---|---|---|---|
| 008 | 040524t19901990sp 000 0 spa u | ||
| 020 | _a8474797977 | ||
| 035 | _aa437192 | ||
| 050 | 0 | 0 |
_aS469 .S6 _bK66 1990 |
| 100 | 1 | _aKondo, Agustin Yoshiyuki | |
| 245 | 1 | 3 |
_aLa agricultura española del siglo XIX / _cAgustin Yoshiyuki Kondo. |
| 260 |
_aMadrid, España : _bNEREA, _c1990 |
||
| 300 |
_a336 p. ; _c22 cm. |
||
| 504 | _aBibliografía : p. 285-326 | ||
| 504 | _aIncluye indice | ||
| 650 | 1 | 0 |
_aAgricultura _zEspaña _xHistoria _ySiglo XIX |
| 942 |
_2lcc _cLIB |
||
| 999 |
_c72301 _d72301 |
||